<?xml version="1.0" encoding="UTF-8"?>
<record
    xmlns:xsi="http://www.w3.org/2001/XMLSchema-instance"
    xsi:schemaLocation="http://www.loc.gov/MARC21/slim http://www.loc.gov/standards/marcxml/schema/MARC21slim.xsd"
    xmlns="http://www.loc.gov/MARC21/slim">

  <leader>01180nam a22001937a 4500</leader>
  <controlfield tag="003">BD-DhUL</controlfield>
  <controlfield tag="005">20190514102739.0</controlfield>
  <controlfield tag="008">171213s2018    bg ||||| |||| 00| 0 ara d</controlfield>
  <datafield tag="040" ind1=" " ind2=" ">
    <subfield code="a">BD-DhUL</subfield>
    <subfield code="c">BD-DhUL</subfield>
  </datafield>
  <datafield tag="082" ind1=" " ind2=" ">
    <subfield code="2">23</subfield>
    <subfield code="a">892.7</subfield>
    <subfield code="b">FAJ</subfield>
  </datafield>
  <datafield tag="100" ind1="3" ind2=" ">
    <subfield code="a">&#x641;&#x62E;&#x631; &#x627;&#x644;&#x627;&#x633;&#x644;&#x627;&#x645;&#x6D4;</subfield>
  </datafield>
  <datafield tag="245" ind1="0" ind2=" ">
    <subfield code="a">&#x627;&#x644;&#x62C;&#x627;&#x646;&#x628; &#x627;&#x644;&#x627;&#x633;&#x644;&#x627;&#x645;&#x64A; &#x648;&#x627;&#x644;&#x648;&#x637;&#x646;&#x64A; &#x641;&#x64A; &#x627;&#x62F;&#x628; &#x639;&#x644;&#x64A; &#x627;&#x62D;&#x645;&#x62F; &#x628;&#x627;&#x6A9;&#x62B;&#x6CC;&#x631; : &#x62F;&#x631;&#x627;&#x633;&#x629; &#x62A;&#x62D;&#x644;&#x6CC;&#x644;&#x6CC;&#x629; = Al-Janibul Islami wal watani fee Adabi Ali Ahmad Ba-kathir : Dirasah Tahliliyah = &#x986;&#x9B2; &#x99C;&#x9BE;&#x9A8;&#x9BF;&#x9AC;&#x9C1;&#x9B2; &#x987;&#x9B8;&#x9B2;&#x9BE;&#x9AE;&#x9C0; &#x993;&#x9AF;&#x9BC;&#x9BE;&#x9B2; &#x993;&#x9AF;&#x9BC;&#x9BE;&#x9A4;&#x9CD;&#x9AC;&#x9BE;&#x9A8;&#x9C0; &#x9AB;&#x9BF; &#x986;&#x9A6;&#x9BE;&#x9AC;&#x9BF; &#x986;&#x9B2;&#x9C0; &#x986;&#x9B9;&#x9AE;&#x9BE;&#x9A6; &#x9AC;&#x9BE;&#x995;&#x9B8;&#x9BF;&#x9B0; : &#x9A6;&#x9BF;&#x9B0;&#x9BE;&#x9B8;&#x9BE; &#x9A4;&#x9BE;&#x9B9;&#x9B2;&#x9BF;&#x9B2;&#x9BF;&#x9AF;&#x9BC;&#x9CD;&#x9AF;&#x9BE;&#x9B9; = Islamic and nationalistic aspect in the literature of Ali Ahmad Ba-Kathir : an analytic study /</subfield>
    <subfield code="c">&#x641;&#x62E;&#x631; &#x627;&#x644;&#x627;&#x633;&#x644;&#x627;&#x645;&#x6D4;</subfield>
    <subfield code="h">[MPhil. Thesis]</subfield>
  </datafield>
  <datafield tag="260" ind1=" " ind2=" ">
    <subfield code="a">&#x62F;&#x627;&#x6A9;&#x627; :</subfield>
    <subfield code="b">&#x62C;&#x627;&#x645;&#x639;&#x629; &#x62F;&#x627;&#x6A9;&#x627;&#x60C;</subfield>
    <subfield code="c">&#x6F2;&#x6F0;&#x6F1;&#x6F8;&#x6D4;</subfield>
  </datafield>
  <datafield tag="300" ind1=" " ind2=" ">
    <subfield code="a">[11], 130 p. :    </subfield>
    <subfield code="b">ill. ;</subfield>
    <subfield code="c">30 cm.</subfield>
  </datafield>
  <datafield tag="502" ind1=" " ind2=" ">
    <subfield code="a">&#x627;&#x644;&#x628;&#x62D;&#x62B; (&#x627;&#x644;&#x645;&#x627;&#x62C;&#x633;&#x62A;&#x6CC;&#x631; &#x641;&#x6CC; &#x627;&#x644;&#x641;&#x644;&#x633;&#x641;&#x629;) - - &#x642;&#x633;&#x645; &#x627;&#x644;&#x639;&#x631;&#x628;&#x6CC;&#x629;&#x60C; &#x62C;&#x627;&#x645;&#x639;&#x629; &#x62F;&#x627;&#x6A9;&#x627;&#x60C; &#x6F2;&#x6F0;&#x6F1;&#x6F8;&#x6D4;</subfield>
  </datafield>
  <datafield tag="650" ind1=" " ind2="4">
    <subfield code="a">Arabic literature.</subfield>
  </datafield>
  <datafield tag="650" ind1=" " ind2="4">
    <subfield code="a">Ba-Kathir, Ali Ahmad.</subfield>
  </datafield>
  <datafield tag="942" ind1=" " ind2=" ">
    <subfield code="2">ddc</subfield>
    <subfield code="c">BK</subfield>
  </datafield>
  <datafield tag="999" ind1=" " ind2=" ">
    <subfield code="c">248114</subfield>
    <subfield code="d">248114</subfield>
  </datafield>
  <datafield tag="952" ind1=" " ind2=" ">
    <subfield code="0">0</subfield>
    <subfield code="1">0</subfield>
    <subfield code="2">ddc</subfield>
    <subfield code="4">0</subfield>
    <subfield code="6">892_700000000000000_FAJ</subfield>
    <subfield code="7">1</subfield>
    <subfield code="8">NFIC</subfield>
    <subfield code="9">376328</subfield>
    <subfield code="a">DUL</subfield>
    <subfield code="b">DUL</subfield>
    <subfield code="c">RC</subfield>
    <subfield code="d">2018-11-06</subfield>
    <subfield code="e">Gift</subfield>
    <subfield code="o">892.7 FAJ</subfield>
    <subfield code="p">509370</subfield>
    <subfield code="r">2019-05-13</subfield>
    <subfield code="w">2019-05-13</subfield>
    <subfield code="y">BK</subfield>
  </datafield>
</record>
